000
00321nam a2200133Ia 4500
008
240624s9999 xx 000 0 und d
041
_a
eng
082
_a
100 WAL
100
_a
WALSCH D N
245
_a
CONVERSATIONS WITH GOD
260
_c
1999
_a
London
_b
Hodder and Stoughton
300
_a
Class No : 100 WAL
365
_c
RS
999
_c
4125
_d
4125